চলন্তিকা আধুনিক বঙ্গভাষার অভিধান / (Record no. 2755)
[ view plain ]
| 000 -LEADER | |
|---|---|
| fixed length control field | 00784nam a22002177a 4500 |
| 001 - CONTROL NUMBER | |
| JCCL Control Number | 2755 |
| 003 - CONTROL NUMBER IDENTIFIER | |
| JCCL marc code | BD-JhCC |
| 005 - DATE AND TIME OF LATEST TRANSACTION | |
| control field | 20171106173850.0 |
| 008 - FIXED-LENGTH DATA ELEMENTS--GENERAL INFORMATION | |
| fixed length control field | 171106s1369 ii |||| |||| 000 0 ben d |
| 035 ## - SYSTEM CONTROL NUMBER | |
| system control number | (BD-JhCC)2755 |
| 040 ## - CATALOGING SOURCE | |
| Original cataloging agency | BD-JhCC |
| Modifying agency | BD-JhCC |
| 041 ## - LANGUAGE CODE | |
| Language code of Book | ben |
| 082 ## - DEWEY DECIMAL CLASSIFICATION NUMBER | |
| Classification number | 491.4403 |
| Author mark and Year | BAS 1369 |
| 100 ## - MAIN ENTRY--PERSONAL NAME | |
| Personal name | বসু, রাজশেখর |
| 245 ## - TITLE STATEMENT | |
| Title | চলন্তিকা আধুনিক বঙ্গভাষার অভিধান / |
| Statement of responsibility, etc | রাজশেখর বসু |
| 260 ## - PUBLICATION, DISTRIBUTION, ETC. (IMPRINT) | |
| Place of publication, distribution, etc | কলকাতা: |
| Name of publisher, distributor, etc | এম সি সরকার অ্যান্ড সন্স, প্রাইভেট লিঃ, |
| Date of publication, distribution, etc | ১৩৬৯. |
| 300 ## - PHYSICAL DESCRIPTION | |
| Pagination | ৬৯৮ পৃ. : |
| Dimensions | ১৯ সেমি. |
| 650 ## - SUBJECT ADDED ENTRY--TOPICAL TERM | |
| Topical term or geographic name as entry element | Bengali Language |
| General subdivision | Dictionary |
| 942 ## - ADDED ENTRY ELEMENTS (KOHA) | |
| Source of classification or shelving scheme | Dewey Decimal Classification |
| Koha item type | Books |
| Source of classification or shelving scheme | Damaged status | Not for loan | Home library | Current library | Shelving location | Date of accession | Cost, normal purchase price | Total Checkouts | Full call number | Barcode | Date last seen | Copy number | Koha item type |
|---|---|---|---|---|---|---|---|---|---|---|---|---|---|
| Dewey Decimal Classification | JCC Rouf Library | JCC Rouf Library | General Stacks | 11/06/2017 | 8.50 | 491.4403 BAS 1369 | 4228 | 11/06/2017 | C-1 | Books | |||
| Dewey Decimal Classification | JCC Rouf Library | JCC Rouf Library | General Stacks | 04/04/2018 | 38.00 | 491.4403 BAS 1369 | 12793 | 04/04/2018 | C-2 | Books | |||
| Dewey Decimal Classification | JCC Rouf Library | JCC Rouf Library | General Stacks | 04/04/2018 | 38.00 | 491.4403 BAS 1369 | 12801 | 04/04/2018 | C-3 | Books |